000 00750nam a2200229 a 4500
001 000026001
003 DO-SdBNP
005 20240412074252.0
008 110225t1992 dr 001 p spa d
040 _aDO-SdBNP
_bspa
_cBNPHU
082 4 _aRD861.44
_bT266s
_222
100 1 _aTejada M. , Puro R.,
_d1967-
_952905
245 1 0 _aSangre de viento :
_b(poemas) /
_cPuro R. Tejada M.
260 _aSantiago de los Caballeros, República Dominicana :
_bCírculo de Escritores de Santiago,
_c1992.
300 _a52 p. ;
_c21 cm.
490 0 _aEdiciones imposibles
_v2
590 _aInventariado, 2019/LP
650 4 _aPoesía dominicana
_966
650 0 _aLiteratura dominicana.
_967
910 _aValidado. Control de calidad EMS.
942 _2ddc
_cLBS1
999 _c25493
_d25493